Statistics for bad anime description quiz

Click here to take the quiz!

General Stats

  • This quiz has been taken 397 times
  • The average score is 8 of 27

Answer Stats

BAD DESCRIPTIONTITLE% Correct
bald man is pretty strongOne Punch Man
93%
a date at a coffee shop ends in cannabalismTokyo Ghoul
79%
middle schoolers attempt to kill their teacherAssassination Classroom
78%
pianos and sadnessYour Lie in April
75%
five yenNoragami
59%
spooky clown manHunter x Hunter
58%
two neet siblings try to become godNo Game No Life
55%
being a magical girl is not all it's cracked up to bePuella Magi Madoka Magica
39%
everyone dies except the titular characterAkame Ga Kill
34%
teen psychics and really good animationMob Psycho 100
33%
let's go let's go let's go datekoHaikyuu
31%
how to lose weight: be a fujoshiKiss Him, Not Me
24%
vampires take over the worldOwari no Seraph
17%
megane makes a sword out of her own bloodKyoukai no Kanata
15%
loli girls are actually murderersHigurashi no Naka Koro Ni
13%
the most misleading opening theme in the worldDeath Parade
11%
scissors and way too much goreCorpse Party
9%
scary looking dude is actually a shoujo manga artistGekkan Shoujo Nozaki-kun
9%
you thought this was a cute slice of life anime? nope, zombiesSchool Live
9%
kill your classmates but don't let them know it was youDangan Rompa
7%
seven high schoolers suddenly get hurt a lotKiznaiver
7%
soda cans are actually magical girlsAkikan
6%
watch as the apocalypse happens in just 10 episodes!Devilman Crybaby
5%
cthulu is a cute highschool girlHaiyore! Nyaruko-san
4%
international yaoi festivalHetalia
4%
parkour: the animePrince of Stride
4%
fishing: the animeTsuritama
2%

Score Distribution

Percentile by Number Answered

Percent of People with Each Score

Your Score History

You have not taken this quiz